| 000 | 01251pam a2200337 i 4500 | ||
|---|---|---|---|
| 001 | 016151973 | ||
| 003 | OSt | ||
| 005 | 20160809160106.0 | ||
| 008 | 120813s2013 ne a frb 001 0 eng d | ||
| 020 | _a9780123971784 (hbk.) | ||
| 020 | _a0123971780 (hbk.) | ||
| 040 |
_aStDuBDS _beng _cStDuBDS _dUk _dIeDuTC |
||
| 082 | 0 | 4 |
_a333.794 _222 _bBAS |
| 100 | 1 |
_aEl Bassam, Nasir _934950 |
|
| 245 | 1 | 0 |
_aDistributed renewable energies for off-grid communities : _bstrategies and technologies toward achieving sustainability in energy generation and supply / _cNasir El Bassam, Preben Maegaard, Marcia Lawton Schlichting. |
| 250 | _a1st ed. | ||
| 260 |
_aAmsterdam : _bElsevier, _c2013. |
||
| 300 |
_axxxiii, 350 p. : _bill. (col.) ; _c24 cm. |
||
| 500 | _aIndex : p. 343-350. | ||
| 500 | _aIncludes appendix. | ||
| 504 | _aBibliography : p. 333-341. | ||
| 650 | 0 |
_aDistributed generation of electric power _934952 |
|
| 650 | 0 |
_aRenewable energy sources _93747 |
|
| 650 | 0 |
_aElectric power distribution _934955 |
|
| 653 |
_bMec _cJanuary2014 |
||
| 655 |
_vreading book _934232 |
||
| 650 | 0 |
_931180 _aSmall power production facilities |
|
| 700 | 1 |
_aMaegaard, Preben _934953 |
|
| 700 | 1 |
_aSchlichting, Marcia Lawton _934954 |
|
| 942 |
_2ddc _k333.794 BAS |
||
| 999 |
_c17974 _d17946 |
||